MARC details
| 000 -LEADER |
| campo de control de longitud fija |
01463nam a2200325 i 4500 |
| 001 - NÚMERO DE CONTROL |
| campo de control |
186763 |
| 003 - IDENTIFICADOR DE NÚMERO DE CONTROL |
| campo de control |
ES-MaACL |
| 005 - FECHA Y HORA DE LA ÚLTIMA TRANSACCIÓN |
| campo de control |
20250921063040.0 |
| 008 - DATOS DE LONGITUD FIJA--INFORMACIÓN GENERAL |
| campo de control de longitud fija |
170213s2014 sp |||| | spa d |
| 020 ## - NÚMERO INTERNACIONAL ESTÁNDAR DEL LIBRO |
| Número Internacional Estándar del Libro |
978-84-8489-779-8 (Iberoamericana) |
| 020 ## - NÚMERO INTERNACIONAL ESTÁNDAR DEL LIBRO |
| Número Internacional Estándar del Libro |
978-3-95487-348-7 (Vervuert) |
| 080 ## - NÚMERO DE LA CLASIFICACIÓN DECIMAL UNIVERSAL |
| Número de la Clasificación Decimal Universal |
821.134.2-22"16" |
| 100 1# - ENTRADA PRINCIPAL--NOMBRE DE PERSONA |
| Nombre de persona |
Bances Candamo, Francisco Antonio de, |
| Fechas asociadas al nombre |
1662-1704 |
| 9 (RLIN) |
25159 |
| 245 10 - MENCIÓN DEL TÍTULO |
| Título |
Poesías cómicas. |
| Número de parte o sección de la obra |
I. |
| -- |
, 1 / |
| Mención de responsabilidad, etc. |
Francisco A. Bances Candamo ; Blanca Oteiza, (editora general del volumen). |
| 260 ## - PUBLICACIÓN, DISTRIBUCIÓN, ETC. |
| Lugar de publicación, distribución, etc. |
Madrid : |
| Nombre del editor, distribuidor, etc. |
Iberoamericana ; |
| Lugar de publicación, distribución, etc. |
Frankfurt am Main : |
| Nombre del editor, distribuidor, etc. |
Vervuert, |
| Fecha de publicación, distribución, etc. |
2014. |
| 300 ## - DESCRIPCIÓN FÍSICA |
| Extensión |
1 v. (772 p.) : |
| Otras características físicas |
il. ; |
| Dimensiones |
24 cm. |
| 490 1# - MENCIÓN DE SERIE |
| Mención de serie |
Obras completas de Francisco A. Bances Candamo ; |
| Designación de volumen o secuencia |
1 / dirigidas por Ignacio Arellano |
| 490 1# - MENCIÓN DE SERIE |
| Mención de serie |
Biblioteca áurea hispánica ; |
| Designación de volumen o secuencia |
92 |
| 500 ## - NOTA GENERAL |
| Nota general |
Índice. |
| 504 ## - NOTA DE BIBLIOGRAFÍA, ETC. |
| Nota de bibliografía, etc. |
Bibliografía: p. 13-37. |
| 505 8# - NOTA DE CONTENIDO CON FORMATO |
| Nota de contenido con formato |
Contiene: v. I, 1 ; |
| Título |
El primer duelo del mundo ; |
| -- |
Quién es quien premia al amor ; |
| -- |
La restauración de Buda |
| 700 1# - ENTRADA AGREGADA--NOMBRE PERSONAL |
| Nombre de persona |
Oteiza, Blanca. |
| 9 (RLIN) |
161719 |
| 700 1# - ENTRADA AGREGADA--NOMBRE PERSONAL |
| Nombre de persona |
Arellano, Ignacio. |
| 9 (RLIN) |
22580 |
| 830 0# - PUNTO DE ACCESO ADICIONAL DE SERIE-TÍTULO UNIFORME |
| Título uniforme |
Obras completas de Francisco A. Bances Candamo ; |
| Designación de volumen o secuencia |
1 / dirigidas por Ignacio Arellano |
| 9 (RLIN) |
225467 |
| 830 0# - PUNTO DE ACCESO ADICIONAL DE SERIE-TÍTULO UNIFORME |
| Título uniforme |
Biblioteca áurea hispánica ; |
| Designación de volumen o secuencia |
92 |
| 9 (RLIN) |
188819 |
| 852 ## - LOCALIZACIÓN |
| Ubicación |
ES-MaACL |
| Número de control de estantería |
A-14027 |
| itemnumber |
193820 |
| Sublocalización o colección |
R.151298 |
| Ubicación en estantería |
Depósito 1 |
| Signatura antigua |
Olim: N-7027 |
| Donativo/Legado |
Donación: Casa de Velázquez |
| 914 ## - NOMBRE ENTIDAD DE DONANTE |
| RLIN |
2477 |
| Nombre de congreso/reunión o jurisdicción como elemento de entrada |
Casa de Velázquez |
| Unidad subordinada |
Donante |
| 942 ## - ELEMENTOS DE ENTRADA SECUNDARIOS (KOHA) |
| Fuente del sistema de clasificación o colocación |
Clasificación decimal universal |
| Tipo de ítem Koha |
Libro impreso |